| 000 | 00752cam a22002777a 4500 | ||
|---|---|---|---|
| 003 | CHAP | ||
| 005 | 20220329135940.0 | ||
| 008 | 971013s1984 r 00010 d | ||
| 010 | _a44540 | ||
| 011 | _a45512 | ||
| 035 | _a49651 | ||
| 040 | _cCHAP | ||
| 082 |
_a634 _bT43 |
||
| 100 | 0 | 0 |
_aTeffel, Marc. _9111993 |
| 245 | 1 | 3 | _aLa fruta, alimento y medicina natural |
| 260 |
_aMéxico, D.F. : _bPosada, _c1984 |
||
| 300 | _a185 p. | ||
| 490 | 0 | _aBiblioteca Natura | |
| 590 |
_aBATCH-UPD _b10 _c20130110 _lUCH01 _h1054 |
||
| 590 |
_aCONVERSION _b10 _c20130109 _lUCH01 _h1324 |
||
| 650 | 1 | 4 |
_aFruta. _943590 |
| 830 | 0 |
_aBiblioteca Natura _912453 |
|
| 901 | _aBK | ||
| 942 | _cLIBRO | ||
| 949 |
_a634 T43 _bBC _cLIBRO _d-111919 _eLIBRO _h68906 _i49651 _mD _si |
||
| 999 |
_c44540 _d44540 |
||